Senangnya memasak...sayur
| Main Author: | Hanieliza, Chef |
|---|---|
| Published: |
Kuala Lumpur:
PTS Millennia,
2010.
|
| Subjects: |
| LEADER | 00606cam a2200181 7i4500 | ||
|---|---|---|---|
| 001 | 0000036199 | ||
| 005 | 20110510090000.0 | ||
| 008 | 110426 bm | ||
| 020 | |a 9789833372645 (pbk.) | ||
| 090 | 0 | 0 | |a TX801 |b .H36 2010 |
| 100 | 0 | |a Hanieliza, Chef | |
| 245 | 1 | 0 | |a Senangnya memasak...sayur |c Chef Hanieliza. |
| 260 | |a Kuala Lumpur: |b PTS Millennia, |c 2010. | ||
| 300 | |a 48 p.: |b col. ill.; |c 22 cm. | ||
| 650 | 0 | 0 | |a Cookery, Malaysian |
| 650 | 0 | 0 | |a Cookery (Vegetables) |
| 999 | |a 0000044234 |b BOK |c OPEN SHELF |e 2nd Floor, Shah Alam | ||
| 999 | |a 0000044235 |b BOK |c OPEN SHELF |e 1st Floor, Bestari Jaya | ||


